00408nam a2200145 a 450000500170000000800410001702000150005805000240007310000200009724500410011726000380015830000340019652100100023065000220024020140310183211.0970101s19uu xx 00 eng d a0071158405 aHM 251 b.M897 1999 aMyers, David G. aSocial psychology /cDavid G. Myers. aU.S.A :bMcGraw-Hill Inc.,c1999. a730 p. :bcol. ill. ;c26 cm. aPSYCH aSocial psychology